Bordering Countries Forming Words #2 - Statistics

General Stats
  • This quiz has been taken 107 times
    24 since last reset
  • The average score is 18 of 19
Answer Stats
Hint Answer % Correct
PUSH Slovakia
100%
PUSH Ukraine
100%
PUSH Hungary
95%
SOY Oman
95%
PUSH Poland
95%
SOY Saudi Arabia
95%
SOY Yemen
95%
STAG Armenia
91%
LESS Egypt
91%
STAG Georgia
91%
LESS Libya
91%
RUSE Rwanda
91%
LESS South Sudan
91%
RUSE South Sudan
91%
LESS Sudan
91%
RUSE Uganda
91%
RUSE Ethiopia
86%
STAG Syria
86%
STAG Turkey
86%
No matching quizzes found
Score Distribution
Percent of People with Each Score
Percentile by Number Answered
Your Score History
You have not taken this quiz since the last reset